000
00220 a2200097 4500
001
45803
100
_a
Britannica
245
_a
Book of year 1981
260
_a
Chicago
_b
Encyclopedia Britannica
_c
090
_c
28930
_d
28930
942
_a
NUST-CAE
_c
M
_c
21036
999
_c
280876
_d
280876